[Event "World Team-ch Open 2019"]
[Site "Astana"]
[Date "2019.03.07"]
[Round "3.15"]
[White "Kazhgaleyev, Murtas"]
[Black "Guseinov, Gadir"]
[Result "1/2-1/2"]
[WhiteElo "2587"]
[BlackElo "2664"]
[Annotator "TA"]
[PlyCount "63"]
[EventDate "2019.02.05"]
[EventType "team-tourn"]
[EventCountry "KAZ"]
[SourceTitle "playchess.com"]
[Source "ChessBase"]
[SourceQuality "1"]
[WhiteTeam "Kazakhstan"]
[BlackTeam "Azerbaijan"]
[WhiteTeamCountry "KAZ"]
[BlackTeamCountry "AZE"]

{[%evp 22,63,50,52,62,57,60,0,14,8,7,11,7,0,0,0,52,43,47,43,50,52,46,23,23,36,117,18,24,14,18,0,0,0,0,0,0,0,0,0,0,0,0,0]} 1. d4 Nf6 2. c4 g6 3. Nc3 Bg7 4. e4 d6 5. Bd3 O-O 6. Nge2 Nc6 7. O-O Nd7 8. Be3 e5 9. d5 Ne7 10. Qd2 {E70: King's Indian: Miscellaneous lines with 4 e4, including 5 Nge2 and 5 Bd3 0-0 6 Nge2} f5 11. exf5 gxf5 12. f4 {LiveBook: 5 Games. White is slightly better.} e4 (12... Ng6 13. fxe5 Ndxe5 14. Bg5 Qe8 15. Nf4 Nxf4 16. Bxf4 Bd7 17. Rae1 a6 {1-0 (39) Brunello,S (2555)-Fedoseev,V (2733) Antalya 2017}) 13. Bc2 Nf6 {[#]} 14. c5 $146 ({Predecessor:} 14. h3 Ng6 15. c5 Qe7 16. Bb3 Kh8 17. cxd6 cxd6 {½-½ (72) Cornette,M (2559)-Ginsburg,G (2510) Germany 2014}) 14... Ng4 15. Bd4 Bxd4+ 16. Qxd4 dxc5 17. Qxc5 {Strongly threatening Bb3.} Qd6 18. b4 {[%cal Bb2b4,Bb4c5][%mdl 32]} a5 (18... Bd7 $11) 19. Nb5 $1 $14 {[%cal Rb5d6]} Qxc5+ 20. bxc5 Nxd5 21. Bb3 {[#] Black must now prevent Nxc7.} c6 $1 22. Nc7 Rb8 23. Nc3 Kg7 ({Black should try} 23... Nge3 $14) 24. N3xd5 ({White must play} 24. Bxd5 $16 Ne3 25. Bb3 Nxf1 26. Rxf1 (26. Kxf1 b5 $16)) 24... cxd5 $11 25. Nxd5 Be6 {[#] ...Bxd5 is the strong threat.The position is equal.} 26. Rfd1 Rfd8 27. h3 Bxd5 28. Rxd5 Rxd5 29. Bxd5 Ne3 30. Bb3 {And now Re1 would win.} Rd8 $1 31. Kf2 Nc2 32. Bxc2 {Precision: White = 60%, Black = 68%.} 1/2-1/2

[Event "World Team-ch Open 2019"]
[Site "Astana"]
[Date "2019.03.07"]
[Round "3.16"]
[White "Abasov, Nijat"]
[Black "Kostenko, Petr"]
[Result "1-0"]
[WhiteElo "2627"]
[BlackElo "2466"]
[Annotator "TA"]
[PlyCount "155"]
[EventDate "2019.02.05"]
[EventType "team-tourn"]
[EventCountry "KAZ"]
[SourceTitle "playchess.com"]
[Source "ChessBase"]
[SourceQuality "1"]
[WhiteTeam "Azerbaijan"]
[BlackTeam "Kazakhstan"]
[WhiteTeamCountry "AZE"]
[BlackTeamCountry "KAZ"]

{[%evp 9,155,31,40,37,36,38,47,54,48,47,80,33,29,0,64,52,64,0,-5,-51,-22,-30,-33,-77,-39,-37,-18,-20,0,-27,0,-13,-19,-73,-25,-39,0,-39,0,0,18,9,42,44,55,0,37,0,21,0,0,0,0,0,0,-7,-7,-9,0,-72,-73,-68,0,0,82,82,86,90,94,93,74,8,14,0,0,0,0,0,60,43,35,27,41,33,45,0,70,70,70,70,70,70,103,70,70,70,70,70,181,168,238,237,425,423,330,403,368,330,278,244,409,398,354,221,211,8,211,211,563,450,636,636,1720,1601,2647,2347,5373,5373,5373,5373,5373,5373,29971,29972,29975,1135,29976,29977,29975,29977,29977,29978,29986,29987,29986,29987,29986,29987]} 1. d4 e6 2. c4 f5 3. g3 Nf6 4. Bg2 d5 5. Nh3 Bd6 6. O-O {A90: Dutch Defence: Miscellaneous and Modern Stonewall (with ...Bd6)} O-O 7. Bf4 Nc6 {[%cal Bb8c6,Bc6a5,Ba5c4][%mdl 32]} 8. e3 {White is slightly better.} dxc4 9. Nd2 Bxf4 $146 ({Predecessor:} 9... e5 10. dxe5 Nxe5 11. Bxe5 Bxe5 12. Nxc4 Qe7 13. Qc2 {1-0 (44) Le,Q (2737)-Korobov,A (2652) Huaian 2017}) 10. gxf4 Na5 11. Qa4 c6 (11... c5 $11) 12. b4 $14 {[%mdl 1024] White has compensation.} c3 13. Nb1 (13. bxa5 $14 cxd2 14. Rfd1) 13... Nc4 $11 14. b5 Nb6 15. Qb3 cxb5 16. Qxb5 Nfd5 {aiming for ...Bd7.} 17. Qb3 Bd7 (17... Qc7 18. Rc1 $14) 18. Nxc3 Bc6 19. Rac1 Rf6 {...Rg6 is the strong threat.} 20. Ne2 h6 21. Ng3 (21. Kh1 $11 {remains equal.}) 21... Qe7 22. Kh1 Kh8 23. Ng1 $1 Rg8 24. Nf3 g5 25. Ne5 Ba4 26. Qb2 Be8 27. Qd2 (27. fxg5 $14 hxg5 28. e4 fxe4 29. Bxe4 (29. Nxe4 Rh6 $14)) 27... Rff8 28. Rfe1 Rg7 29. Rc5 h5 30. fxg5 Qxg5 31. f4 $36 {[%mdl 2048] White has good play.} Qe7 32. Bf3 Qh4 {And now ...Rxg3 would win.} 33. Qf2 Rfg8 {[%cal Rg7g3]} 34. Bxd5 (34. Rg1 $11) 34... Nxd5 $17 35. Nf3 Qf6 (35... Qg4 $1 $15 36. Ne2 Nf6) 36. Ng5 $1 $11 h4 {[#]} (36... Qe7 $11) 37. N3e4 $1 $16 {[%mdl 512]} Qh6 (37... fxe4 38. Qxh4+) 38. Nd6 Qh5 {With the idea ...Bc6.} 39. Nxe8 (39. Nxe6 $2 Rg2 $1 $19 {[%mdl 512]}) 39... Rxe8 40. Rec1 ({Better is} 40. Rg1 $16) 40... Nf6 $11 41. Rc8 Rxc8 $1 42. Rxc8+ Rg8 43. Qc2 Re8 (43... h3 $11) 44. h3 {Black must now prevent Rc7.} (44. Kg1 {feels hotter.} h3 45. Rxe8+ Nxe8 46. Kf1 b5 47. Qe2) 44... Nh7 45. Rxe8+ Qxe8 46. Nf3 Nf6 47. Qc7 Qc6 (47... Ne4 $11) 48. Qxc6 $14 bxc6 {[%mdl 4096] Endgame KN-KN} 49. Kg2 Nd5 50. Kf2 Kg7 51. Nxh4 Nc3 52. a3 a5 53. Nf3 $1 a4 (53... Nb1 $14) 54. Ne5 $18 Nb5 (54... Kh6 $142 55. Nd7 (55. Nxc6 Nb5 $16) 55... Kh5) 55. Nc4 ({Weaker is} 55. Nxc6 Nxa3 56. Ke2 Nc4 $14) 55... Kh6 $2 (55... Kg6 {was worth a try.} 56. Ke2 Kf7) 56. Nb6 Nxa3 57. Nxa4 Nb5 58. Nc5 Nc7 59. Nd7 Kh5 $2 (59... Nd5 {is a better defense.} 60. Nc5 Nc7) 60. Ne5 Kh4 61. Kg2 Nd5 {[#]} 62. Nf3+ $1 ({Don't take} 62. Nxc6 $6 Nxe3+ 63. Kf3 Nc2 $14) 62... Kh5 63. Kf2 Ne7 $2 (63... Kg6 64. Ne5+ {[%mdl 64] Double Attack} Kh6 65. Nxc6 Kg6) 64. Ng5 Kh4 (64... Nc8 $142 65. Nxe6 Kh6) 65. Kf3 Nd5 66. Nxe6 Kxh3 67. Ng7 Ne7 68. e4 fxe4+ 69. Kxe4 Kg4 70. f5 Ng8 71. Ke5 Nh6 72. f6 Kg5 73. Ke6 {White mates.} Kg6 74. Ne8 Nf5 {[#]} 75. Nd6 $1 Nxd4+ 76. Ke7 c5 77. f7 Nc6+ 78. Ke8 {Accuracy: White = 61%, Black = 43%.} 1-0

[Event "World Team-ch Open 2019"]
[Site "Astana"]
[Date "2019.03.07"]
[Round "3.17"]
[White "Maghsoodloo, Parham"]
[Black "Grandelius, Nils"]
[Result "1-0"]
[WhiteElo "2673"]
[BlackElo "2694"]
[Annotator "TA"]
[PlyCount "73"]
[EventDate "2019.02.05"]
[EventType "team-tourn"]
[EventCountry "KAZ"]
[SourceTitle "playchess.com"]
[Source "ChessBase"]
[SourceQuality "1"]
[WhiteTeam "Iran"]
[BlackTeam "Sweden"]
[WhiteTeamCountry "IRI"]
[BlackTeamCountry "SWE"]

{[%evp 14,73,0,-8,4,0,8,0,0,2,0,0,10,0,0,0,0,0,0,0,0,0,0,-6,0,0,-5,-22,-25,-26,0,0,0,-10,-9,-15,-16,-6,14,-12,0,0,0,0,0,0,16,16,21,17,293,286,273,261,29979,29980,29980,29981,29980,29982,29981,29982]} 1. Nf3 c5 2. g3 g6 3. Bg2 Bg7 4. O-O Nc6 5. c3 e5 6. e4 Nge7 7. d3 O-O 8. a3 a5 {A04: Unusual lines after 1 Nf3 and King's Indian Attack} 9. a4 d5 10. Na3 (10. exd5 Nxd5 11. Na3 h6 12. Nc4 Re8 13. Re1 Qc7 14. Qb3 Be6 15. Bd2 Rad8 16. Rad1 {½-½ (62) Shankland,S (2662)-Salem,A (2638) Sitges 2017}) 10... d4 {The position is equal.} 11. cxd4 cxd4 12. Nc4 Rb8 13. b3 $146 ({Predecessor:} 13. Bd2 f6 14. Qb3 Be6 15. Rfc1 {1-0 (62) Olafsson,F-Ree,H Wijk aan Zee 1971}) 13... b5 14. axb5 Rxb5 15. Ba3 Nb4 16. Bxb4 axb4 17. Nfd2 Be6 18. Ra6 Bc8 19. Ra7 Nc6 20. Ra8 Qc7 21. f4 exf4 22. gxf4 Be6 23. Rxf8+ Bxf8 24. Qf3 Na5 25. e5 Be7 26. Qg3 f5 27. h4 Qd8 28. h5 Kg7 $1 29. Bf3 g5 30. fxg5 {Strongly threatening Nd6.} Bxg5 31. Be4 $36 {[%mdl 2048] Threatens to win with Nd6. White is more active.} fxe4 $4 {[%mdl 8192]} (31... f4 $1 $11 32. Rxf4 Kh8) 32. Nxe4 $18 ({Stronger than} 32. Rf6 Rxe5 $1 {[%mdl 512]} 33. Nxe4 Nxc4 $17) 32... Kh6 {[#] And now ...Nxc4 would win.} 33. Ncd6 $1 {[%cal Rd6b5]} Rb6 $2 {[#]} (33... Bh4 $18 34. Qf4+ Bg5 35. Qxg5+ (35. Nxg5 Qxg5+ 36. Qxg5+ Kxg5 $18) 35... Qxg5+ 36. Nxg5 Kxg5 37. Nxb5 Nxb3) 34. Rf6+ $1 {[%mdl 512] White mates.} Bxf6 35. exf6 {[%csl Ge4][%cal Rg3g5]} Qg8 {[#]} 36. Nf5+ $1 {[%mdl 576] Deflection, Promotion} Bxf5 37. Qxg8 {Accuracy: White = 72%, Black = 44%.} 1-0

[Event "World Team-ch Open 2019"]
[Site "Astana"]
[Date "2019.03.07"]
[Round "3.18"]
[White "Tikkanen, Hans"]
[Black "Idani, Pouya"]
[Result "1/2-1/2"]
[WhiteElo "2510"]
[BlackElo "2604"]
[Annotator "TA"]
[PlyCount "96"]
[EventDate "2019.02.05"]
[EventType "team-tourn"]
[EventCountry "KAZ"]
[SourceTitle "playchess.com"]
[Source "ChessBase"]
[SourceQuality "1"]
[WhiteTeam "Sweden"]
[BlackTeam "Iran"]
[WhiteTeamCountry "SWE"]
[BlackTeamCountry "IRI"]

{[%evp 13,96,5,5,0,11,-52,-47,-39,-38,-58,0,20,10,13,20,29,41,25,37,16,24,-2,66,64,56,0,0,0,0,-17,0,0,0,0,9,8,13,12,12,2,35,31,39,37,44,28,98,37,37,50,42,20,37,37,37,37,33,8,37,44,51,0,0,6,29,0,0,0,0,0,0,0,0,8,15,15,15,0,0,0,0,0,0,0,0]} 1. Nf3 f5 2. d3 d6 3. c4 e5 4. Nc3 Nf6 5. g3 Be7 6. Bg2 O-O 7. O-O a5 8. a3 {A21: English Opening: 1...e5 2 Nc3} (8. Rb1 c6 9. a3 Na6 10. b4 axb4 11. axb4 Nc7 12. Bd2 Kh8 13. b5 c5 14. Ra1 Rb8 15. Ra7 Qe8 16. b6 Ne6 {0-1 (41) Almasi,Z (2682)-Adhiban,B (2655) Riadh 2017}) 8... Qe8 9. Nd5 $146 (9. Bd2 $11) ({Predecessor:} 9. Bg5 Nbd7 10. Qc2 Qh5 11. b4 h6 12. Bxf6 Bxf6 13. Nd5 Bd8 14. c5 c6 15. bxa5 cxd5 {0-1 (25) Martinez Perez,D (1402)-Gil Perez,G (1837) Pontevedra 2018}) 9... Nxd5 $15 10. cxd5 {Black is slightly better.} a4 11. b4 c6 (11... axb3 $1 $15 12. Qxb3 Na6) 12. Nd2 $11 b5 13. Nb1 Bb7 14. Nc3 Na6 15. dxc6 Bxc6 16. Nd5 $1 {[%cal Rd5e7]} Rc8 17. Bb2 Qf7 (17... Bg5 $11) 18. Nxe7+ $14 Qxe7 19. Rc1 ({White should play} 19. e4 $14) 19... Bxg2 $11 20. Kxg2 Qb7+ 21. f3 Rxc1 22. Qxc1 f4 23. e4 fxe3 24. Qxe3 Nc7 25. d4 Nd5 26. Qd3 exd4 27. Bxd4 Ne7 28. Re1 Nf5 29. Bf2 h5 (29... Nh6 $11 {remains equal.}) 30. Rd1 (30. Re6 $16) 30... Ne7 $14 31. Qe4 Qd7 32. Re1 Nf5 33. Qd5+ Qf7 34. Rd1 Re8 35. Qxb5 {[#] Kg1 is the strong threat.} Re3 36. Qd5 Rxa3 37. Qa8+ Kh7 $1 38. Qe4 {Hoping for g4.} Qg6 39. Rd5 Ne3+ $1 {The position is equal.} 40. Bxe3 {[#] Rxh5+ would kill now.} Qxe4 41. fxe4 Rxe3 42. Rxh5+ $11 {[%mdl 4096] Endgame KR-KR} Kg6 43. Ra5 Rxe4 44. Rxa4 Re2+ 45. Kf3 Rxh2 46. Ra3 Rb2 47. Rd3 Rxb4 48. Rxd6+ Kf7 {Accuracy: White = 47%, Black = 51%.} 1/2-1/2

[Event "World Team-ch Open 2019"]
[Site "Astana"]
[Date "2019.03.07"]
[Round "3.19"]
[White "Tabatabaei, M.amin"]
[Black "Smith, Axel"]
[Result "1-0"]
[WhiteElo "2600"]
[BlackElo "2487"]
[Annotator "TA"]
[PlyCount "121"]
[EventDate "2019.02.05"]
[EventType "team-tourn"]
[EventCountry "KAZ"]
[SourceTitle "playchess.com"]
[Source "ChessBase"]
[SourceQuality "1"]
[WhiteTeam "Iran"]
[BlackTeam "Sweden"]
[WhiteTeamCountry "IRI"]
[BlackTeamCountry "SWE"]

{[%evp 15,121,27,41,42,52,45,60,56,45,43,28,51,48,43,62,57,50,28,54,53,48,43,49,47,54,55,78,85,105,108,182,177,175,126,186,177,180,172,188,181,167,136,150,150,150,147,211,221,206,184,183,183,218,218,210,210,210,210,210,210,246,241,283,283,288,205,247,186,230,225,224,223,220,191,369,369,375,370,357,332,422,397,472,472,570,559,850,845,817,831,738,633,2092,644,572,561,527,481,595,589,29975,920,29978,29979,29979,29980,29979,29980]} 1. Nf3 d5 2. g3 c5 3. Bg2 Nf6 4. O-O Nc6 5. d4 cxd4 6. Nxd4 e5 7. Nxc6 bxc6 8. c4 Be6 9. Nc3 {D02: 1 d4 d5 2 Nf3 sidelines, including 2...Nf6 3 g3 and 2...Nf6 3 Bf4} Rc8 10. cxd5 cxd5 11. Qa4+ {White is slightly better.} Qd7 12. Qxd7+ Kxd7 13. Rd1 Bc5 14. Na4 Bd6 15. Bg5 e4 $146 ({Predecessor:} 15... Rc2 16. Bxf6 gxf6 17. Bxd5 Bxd5 18. Rxd5 {1-0 (70) Bok,B (2643)-Hong,A (2390) chess.com INT 2019}) 16. Be3 Rc7 17. Bd4 Rb8 18. e3 Ke7 19. Nc3 Ne8 20. Bf1 Rcb7 21. a4 {[%cal Ba2a4,Ba4a5,Ba5a6][%mdl 32]} f6 22. a5 Nc7 (22... Ra8 $16) 23. a6 $1 $18 {[%cal Ra6b7]} Rxb2 24. Na4 ({Don't take} 24. Bxa7 $6 Ra8 $16) 24... R2b4 (24... Rc2 $16) 25. Bxa7 Ra8 {[#]} 26. Bd4 $1 Rxa6 27. Bxa6 Nxa6 28. Rdb1 h6 29. Rxb4 Nxb4 30. Rb1 Nc6 (30... Bc8 $16 31. Kg2 Nd3) 31. Rb7+ Kf8 32. Bc5 Bxc5 33. Nxc5 {[%mdl 4096] Endgame KRN-KBN} Bh3 34. Rb6 Ne7 35. Rd6 Kf7 36. Na6 Bc8 37. Nc7 Bb7 38. Kf1 g5 39. Ke1 h5 40. Nb5 Bc8 41. Nd4 Kg6 42. Kd2 Bh3 43. Rd8 Kg7 44. Kc3 Ng6 $2 {[#]} (44... Ng8 {is a better defense.} 45. Ra8 (45. Rxd5 Nh6 $18) 45... Nh6 46. Ra7+ Kf8) 45. Nc6 $1 Be6 46. Rd6 Bf7 47. Kd4 h4 48. Rd7 Kf8 49. Rc7 hxg3 50. hxg3 Ke8 51. Kc5 Kf8 52. Kd6 Bg8 53. Rb7 f5 54. Ne5 (54. Nd4 $142 f4 55. Ne6+ Bxe6 56. Kxe6) 54... Nh8 55. Ra7 f4 56. Rc7 fxe3 57. fxe3 g4 58. Ra7 (58. Re7 $142 Nf7+ 59. Nxf7 Bxf7 60. Re5 Bg8 61. Rg5 Bf7 62. Rxg4 Bh5 63. Rf4+ Kg7 64. Kxd5) 58... Nf7+ 59. Nxf7 {White mates.} Bxf7 {[#]} 60. Rxf7+ $1 {[%mdl 512]} Kxf7 61. Kxd5 {Accuracy: White = 75%, Black = 39%.} 1-0

[Event "World Team-ch Open 2019"]
[Site "Astana"]
[Date "2019.03.07"]
[Round "3.20"]
[White "Johansson, Linus"]
[Black "Firouzja, Alireza"]
[Result "0-1"]
[WhiteElo "2479"]
[BlackElo "2657"]
[Annotator "TA"]
[PlyCount "84"]
[EventDate "2019.02.05"]
[EventType "team-tourn"]
[EventCountry "KAZ"]
[SourceTitle "playchess.com"]
[Source "ChessBase"]
[SourceQuality "1"]
[WhiteTeam "Sweden"]
[BlackTeam "Iran"]
[WhiteTeamCountry "SWE"]
[BlackTeamCountry "IRI"]

{[%evp 18,84,40,0,0,0,0,0,0,0,0,-77,-72,-106,-97,-94,-62,-73,-55,-64,-58,-50,-27,-47,-40,-49,-54,-52,-56,-55,-52,-47,-64,-62,-5,-18,-6,-127,-110,-146,-102,-163,-156,-143,-120,-202,-206,-414,-416,-403,-395,-354,-354,-353,-354,-396,-404,-518,-498,-613,-587,-973,-953,-944,-924,-861,-718,-1125,-1122]} 1. d4 Nf6 2. c4 g6 3. Nc3 Bg7 4. e4 d6 5. Be2 O-O 6. Nf3 Nbd7 7. O-O e5 8. Be3 c6 9. dxe5 dxe5 10. Nd2 Qe7 {E94: King's Indian: Classical: 6 Be2 e5 7 0-0: Various Black 7th moves} 11. Qa4 (11. a3 Rd8 12. Qc2 Nc5 13. Rfd1 Ne6 14. Nb3 Bd7 15. c5 Nf4 16. Na5 Be6 17. b4 {½-½ (73) Jovanic,O (2527)-Jovanovic,Z (2558) Rijeka 2009}) 11... Re8 12. Rfd1 $146 ({Predecessor:} 12. Nb3 Nh5 13. g3 Bf8 14. Rfd1 Ng7 15. Rd2 Ne6 16. Rad1 h5 17. Na5 Ndc5 18. Qc2 {0-1 (50) Aliakbarov,A (2182)-Rojicek,V (2396) Pardubice 2011}) 12... Nf8 {[%cal Bd7f8,Bf8e6,Be6d4][%mdl 32] The position is equal.} 13. Nb3 Ne6 14. g3 (14. Rd2 $11 {remains equal.}) 14... h5 $17 15. Qa3 Qxa3 16. bxa3 Ng4 17. Bc1 Nd4 18. f3 Nf6 19. Rb1 Nd7 20. Kf2 Nb6 21. Bf1 Be6 22. Na5 Bf8 23. Nxb7 Nxc4 24. Bxc4 Bxc4 25. Be3 Ba6 ({Better is} 25... Be6 $15) 26. Na4 $1 $11 Be2 27. Rd2 (27. Re1 $11 {keeps the balance.}) 27... Bxf3 $17 28. Nbc5 Bg4 29. Bxd4 (29. Kg2 $17) 29... exd4 $19 30. Rxd4 Rad8 $36 {[%mdl 2048] Black is really pushing.} 31. Rxd8 (31. Rbb4 $17) 31... Rxd8 32. Rb2 $2 (32. Nb3 {was the only defense.}) 32... Rd4 33. Ke3 {[#]} Rc4 $1 34. Kd3 Rxc5 35. Nxc5 Bxc5 36. Rc2 Bg1 37. h4 c5 {Black is clearly winning.} 38. Kc4 Be6+ 39. Kb5 c4 40. a4 Bd4 41. Rd2 Be5 42. Ka6 c3 {Accuracy: White = 52%, Black = 73%.} 0-1

[Event "World Team-ch Open 2019"]
[Site "Astana"]
[Date "2019.03.08"]
[Round "4.1"]
[White "Nepomniachtchi, Ian"]
[Black "Adams, Michael"]
[Result "1/2-1/2"]
[WhiteElo "2771"]
[BlackElo "2708"]
[Annotator "TA"]
[PlyCount "61"]
[EventDate "2019.02.05"]
[EventType "team-tourn"]
[EventCountry "KAZ"]
[SourceTitle "playchess.com"]
[Source "ChessBase"]
[SourceQuality "1"]
[WhiteTeam "Russia"]
[BlackTeam "England"]
[WhiteTeamCountry "RUS"]
[BlackTeamCountry "ENG"]

{[%evp 13,61,12,28,10,14,15,10,7,7,3,12,4,10,10,14,10,6,-8,0,0,0,0,11,-4,-4,-12,-2,-22,0,0,0,-1,8,8,8,10,33,11,30,14,14,-48,-31,-42,-31,-72,-58,-53,-47,-134]} 1. e4 e5 2. Nf3 Nc6 3. Bb5 a6 4. Ba4 Nf6 5. O-O Be7 6. d3 b5 7. Bb3 d6 8. a3 {C84: Closed Ruy Lopez: Unusual White 6th moves} Na5 (8... O-O 9. Nc3 Nb8 10. Ne2 h6 11. Ng3 Re8 12. c3 Bf8 13. Re1 Nbd7 14. d4 Bb7 15. Bc2 g6 16. h4 c5 17. h5 {½-½ (55) Movsesian,S (2629)-Caruana,F (2828) chess.com INT 2019}) 9. Ba2 c5 10. Nc3 {The position is equal.} Be6 11. Nh4 O-O 12. Nf5 Nc6 13. Bg5 {[#]} Bxf5 $146 ({Predecessor:} 13... Bxa2 14. Rxa2 Ne8 15. Be3 Bg5 16. Nd5 Bxe3 17. Nfxe3 Nf6 {½-½ (17) Hovhannisyan,R (2632)-Piorun,K (2681) Gjakova 2016}) 14. exf5 Qd7 15. g4 Rac8 16. Bxf6 Bxf6 17. Nd5 Qd8 18. c3 Bg5 19. Qf3 Ne7 20. Kg2 c4 21. Nxe7+ Qxe7 22. Rfe1 Rc7 23. Rad1 Rfc8 24. h3 Bf4 25. dxc4 bxc4 26. Re4 g6 27. fxg6 (27. Qe2 $11) 27... hxg6 $15 28. Rd5 Kg7 29. Qe2 {[%cal Re4c4] [#]} Qe6 $1 {[%cal Re6d5]} 30. Qd1 Rc6 31. Bb1 {Accuracy: White = 54%, Black = 53%.} (31. Rdd4 $15) 1/2-1/2

[Event "World Team-ch Open 2019"]
[Site "Astana"]
[Date "2019.03.08"]
[Round "4.2"]
[White "McShane, Luke J"]
[Black "Grischuk, Alexander"]
[Result "1/2-1/2"]
[WhiteElo "2661"]
[BlackElo "2771"]
[Annotator "TA"]
[PlyCount "82"]
[EventDate "2019.02.05"]
[EventType "team-tourn"]
[EventCountry "KAZ"]
[SourceTitle "playchess.com"]
[Source "ChessBase"]
[SourceQuality "1"]
[WhiteTeam "England"]
[BlackTeam "Russia"]
[WhiteTeamCountry "ENG"]
[BlackTeamCountry "RUS"]

{[%evp 9,82,18,24,14,32,12,13,9,13,9,5,0,15,0,12,-10,-4,-29,-29,-29,-18,-25,-18,-31,-31,-31,-38,-52,-41,-61,-37,-101,-60,-77,-14,-40,-35,-33,-39,-32,-30,-34,-21,-34,-39,-39,-37,-66,-62,-81,-81,-81,-81,-147,-138,-171,-164,-130,-81,-78,-87,-149,-111,-187,-91,-100,0,-181,0,-104,-74,-76,-50,-52,-52]} 1. e4 e5 2. Nf3 Nc6 3. Bb5 Nf6 4. d3 Bc5 5. Bxc6 dxc6 6. Qe2 {C65: Ruy Lopez: Berlin Defence (3...Nf6), unusual lines and 4 0-0 Bc5} Bg4 7. Bg5 h6 $146 ({Predecessor:} 7... Qd6 8. Nbd2 Nd7 9. h3 Bxf3 10. Nxf3 Nf8 11. O-O-O Ne6 12. Be3 O-O-O 13. Bxc5 Qxc5 {0-1 (56) McShane,L (2640)-Howell,D (2676) London 2017}) 8. Be3 {The position is equal.} Nd7 9. Nbd2 Qe7 10. Nc4 b5 11. Ncd2 a5 12. h3 (12. a4 {with more complications.} O-O 13. O-O Bh5 14. h3 Bb6 15. c3) 12... Bxf3 13. Nxf3 (13. Qxf3 {keeps more tension.} O-O 14. O-O a4 15. c3 Rfe8 16. Rfd1) 13... Bxe3 14. fxe3 a4 15. O-O O-O 16. Nh2 c5 17. Rf2 Ra6 18. Raf1 Rd6 19. Ng4 c4 20. Rf5 (20. dxc4 $15 h5 21. Nh2) 20... cxd3 21. cxd3 c6 ({Better is} 21... c5 $17) 22. Qc2 Qe6 23. b3 axb3 24. axb3 c5 25. Ra1 Ra6 26. Rff1 Rfa8 27. Rxa6 Rxa6 28. Qb2 b4 29. Nf2 Ra3 $36 {[%mdl 2048] Black is really pushing.} 30. Rb1 Qa6 31. Qc1 {[#]} (31. Qc2 $142) 31... Ra2 $1 $17 32. Qd1 Nf8 33. Rc1 Ne6 34. Ng4 f6 35. Qf1 ({White should try} 35. Nh2) 35... Nf8 36. Kh2 {[#]} (36. Qd1 $17) 36... Qd6 (36... h5 $1 $19 {[%cal Rh5g4]} 37. Nf2 Qa3) 37. Kg1 Qa6 (37... h5 $17 38. Nh2 Qa6) 38. Kh2 $1 $19 Qd6 (38... h5 $19 39. Nf2 Qa3) 39. Kg1 $17 Ra3 40. Qd1 Ne6 41. Nh2 Ra8 {Accuracy: White = 32%, Black = 52%.} 1/2-1/2

[Event "World Team-ch Open 2019"]
[Site "Astana"]
[Date "2019.03.08"]
[Round "4.3"]
[White "Andreikin, Dmitry"]
[Black "Howell, David W L"]
[Result "1/2-1/2"]
[WhiteElo "2725"]
[BlackElo "2693"]
[Annotator "TA"]
[PlyCount "63"]
[EventDate "2019.02.05"]
[EventType "team-tourn"]
[EventCountry "KAZ"]
[SourceTitle "playchess.com"]
[Source "ChessBase"]
[SourceQuality "1"]
[WhiteTeam "Russia"]
[BlackTeam "England"]
[WhiteTeamCountry "RUS"]
[BlackTeamCountry "ENG"]

{[%evp 22,63,11,0,2,11,6,0,0,0,0,0,0,0,0,0,0,0,0,0,0,-14,0,0,0,0,0,0,0,0,-5,-5,0,-4,0,0,0,0,0,0,0,0,0,0]} 1. e4 c6 2. d4 d5 3. Nd2 dxe4 4. Nxe4 Bf5 5. Ng3 Bg6 6. h4 h6 7. Nf3 e6 8. h5 Bh7 9. Bd3 Bxd3 10. Qxd3 Nf6 11. Bd2 c5 12. O-O-O {The position is equal.} Nc6 {[%cal Rc5d4] B19: Classical Caro-Kann: 4...Bf5 main line} 13. Bc3 Qd5 14. dxc5 Qxd3 15. cxd3 Bxc5 16. Bxf6 $1 gxf6 17. d4 Bb6 18. d5 Ne7 19. dxe6 $1 fxe6 20. Ne4 Nd5 {[#]} 21. Nh4 $146 ({Predecessor:} 21. Nd4 Bxd4 22. Rxd4 Ke7 23. g4 Rac8+ 24. Kd2 Rc6 25. Rc1 Rhc8 {½-½ (25) Kononenko,D (2501)-Orzech,D (2394) Pardubice 2007}) 21... O-O-O 22. g4 Rhf8 23. Kb1 f5 24. gxf5 exf5 25. Ng3 Bxf2 26. Ngxf5 {[#] Strongly threatening Rxd5!} Bxh4 27. Nxh4 Nf4 28. Rc1+ Kb8 29. Ng6 Rf6 30. Rcf1 Nxh5 31. Rxf6 Nxf6 32. Rxh6 1/2-1/2

[Event "World Team-ch Open 2019"]
[Site "Astana"]
[Date "2019.03.08"]
[Round "4.4"]
[White "Jones, Gawain C B"]
[Black "Artemiev, Vladislav"]
[Result "1/2-1/2"]
[WhiteElo "2681"]
[BlackElo "2736"]
[Annotator "TA"]
[PlyCount "25"]
[EventDate "2019.02.05"]
[EventType "team-tourn"]
[EventCountry "KAZ"]
[SourceTitle "playchess.com"]
[Source "ChessBase"]
[SourceQuality "1"]
[WhiteTeam "England"]
[BlackTeam "Russia"]
[WhiteTeamCountry "ENG"]
[BlackTeamCountry "RUS"]

{[%evp 24,25,27,0]} 1. c4 c6 2. Nf3 d5 3. g3 g6 4. Bg2 Bg7 5. d4 Nf6 6. cxd5 cxd5 7. Ne5 O-O 8. Nc3 e6 9. O-O Nfd7 $146 ({Predecessor:} 9... Bd7 10. Bg5 h6 11. Bf4 Nc6 12. Qd2 Kh7 13. Rfd1 Nh5 14. e4 Nxf4 15. Qxf4 dxe4 16. Nxe4 Qe7 17. h4 Rad8 18. h5 gxh5 19. Rac1 Be8 {0-1 (30) Mamedyarov,S (2799)-Artemiev,V (2691) Moscow 2017}) 10. Nf3 Nf6 11. Ne5 Nfd7 12. Nf3 Nf6 13. Ne5 1/2-1/2